000 00796nam a2200253Ia 4500
003 OSt
005 20220930091027.0
006 a|||||r|||| 00| 0
007 ta
008 220926b |||||||| |||| 00| 0 eng d
024 _a3377
037 _cTheses
040 _aCRL
_cCRL
_beng
041 _2eng
_aeng
100 _aJain Pooja
_9533701
110 _aUniversity of Delhi. Faculty of Medical Science. Department of Anatomy
245 0 _aSerum vascular endothelial growth factor as a market of endometrial receptivity in infertile women
260 _c2012
650 _aANATOMY
700 _a Paul Shipra Gu.
_9544504
700 _aUniversity of Delhi. Faculty of Medical Science. Department of Anatomy
942 _cDIS
_2CC
999 _c881522
_d881522